Born in... 1965 Quiz Stats

 Plays Quiz Updated Oct 18, 2015

Also try: Born in... 1970
Challenge
Share
Tweet
Score 0/20 Timer 05:00
2 Plays Today
Personality % Correct
Charlie Sheen
95.1%
Ben Stiller
92.3%
Chris Rock
89.6%
Robert Downey Jr.
86.3%
Sarah Jessica Parker
85.3%
Slash
74.8%
Carrot Top
73.9%
Brooke Shields
69.4%
Kevin James
60.7%
Martin Lawrence
59.8%
Personality % Correct
J.K. Rowling
53.4%
Scottie Pippen
48.6%
John C. Reilly
47.3%
Shania Twain
45.8%
Dr. Dre
43.3%
Jon Cryer
39.8%
Diane Lane
26.1%
Rob Zombie
18.3%
Mario Lemieux
12.5%
Michael Bay
11.6%

You're not logged in!

Compare scores with friends on all Sporcle quizzes.
Join for Free
OR
Log In

You Might Also Like...

Show Comments

Extras

Top Quizzes Today


Score Distribution

Your Account Isn't Verified!

In order to create a playlist on Sporcle, you need to verify the email address you used during registration. Go to your Sporcle Settings to finish the process.

Report this User

Report this user for behavior that violates our Community Guidelines.

Details: